Loading...
| History - European | 0 | 5 | 0 | 0 | 50 | 33 | 46.00 | 1 | 3 | 22.14 | 29.27 |
| History - American | 0 | 5 | 1 | 0 | 45 | 16 | 37.80 | 2 | 4 | 24.92 | 31.18 |
| Current Events | 0 | 3 | 0 | 0 | 30 | 37 | 44.00 | 0 | 2 | 25.27 | 28.17 |
| History - World | 0 | 3 | 0 | 0 | 30 | 14 | 35.00 | 2 | 2 | 15.57 | 19.66 |
| Literature - World | 0 | 3 | 0 | 0 | 30 | 64 | 83.00 | 0 | 1 | 6.99 | 15.17 |
| Social Science | 0 | 2 | 0 | 1 | 20 | 79 | 81.00 | 0 | 1 | 6.07 | 12.35 |
| History - Other | 0 | 2 | 0 | 0 | 20 | 54 | 55.50 | 0 | 1 | 7.80 | 8.76 |
| Literature - American | 0 | 1 | 0 | 1 | 10 | 112 | 112.00 | 0 | 0 | 0.00 | 0.64 |
| Literature - British | 0 | 1 | 0 | 0 | 10 | 72 | 72.00 | 0 | 1 | 2.79 | 3.85 |
| Literature - European | 0 | 1 | 0 | 0 | 10 | 98 | 98.00 | 0 | 0 | 1.08 | 1.71 |
| Fine Arts - Classical Music | 0 | 1 | 0 | 1 | 10 | 110 | 110.00 | 0 | 0 | 0.00 | 1.71 |